[Event "SVK-ch U10 Girls"]
[Site "Liptovsky Mikulas"]
[Date "2007.04.26"]
[Round "6"]
[White "Polakova, Eva"]
[Black "Sikorcinova, Viktoria"]
[Result "1-0"]
[WhiteElo "1350"]
[BlackElo "1350"]
[PlyCount "107"]
[EventDate "2007.04.22"]
[EventType "swiss"]
[EventRounds "7"]
[EventCountry "SVK"]
[SourceTitle "EXT 2008"]
[Source "ChessBase"]
[SourceDate "2007.11.25"]
[SourceVersion "1"]
[SourceVersionDate "2007.11.25"]
[SourceQuality "1"]

1. e4 Nf6 2. Nc3 d6 3. Bc4 e6 4. Nf3 Be7 5. d3 0-0 6. Bg5 h6 7. Bxh6 gxh6 8. e5 dxe5 9. Nxe5 Bc5 10. Qf3 Kh8 11. Qf4 Bd4 12. Qxh6+ Nh7 13. Ne4 Bxe5 14. f4 Bxb2 15. Ng5 Bc3+ 16. Ke2 Qxg5 17. fxg5 Bg7 18. Qh3 e5 19. Qe3 Re8 20. Bxf7 Re7 21. Bg6 e4 22. dxe4 Bxa1 23. Rxa1 b6 24. Rd1 Bb7 25. Qd4+ Kg8 26. e5 Nc6 27. Qd5+ Kg7 28. e6 Nxg5 29. Qxg5 Rxe6+ 30. Be4+ Kf8 31. Qf5+ Ke7 32. Ke3 Rf8 33. Qh7+ Rf7 34. Qh4+ Rff6 35. Rf1 Nb4 36. Rxf6 Rxe4+ 37. Qxe4+ Bxe4 38. Rf4 Nxc2+ 39. Kd2 Bg6 40. h4 Na3 41. g4 Nb1+ 42. Ke1 Nc3 43. h5 Bc2 44. g5 Bd1 45. h6 Bc2 46. Rc4 Ne4 47. Rxc2 Nxg5 48. Re2+ Kd7 49. Rg2 Nf3+ 50. Kf2 Nh4 51. Rh2 Nf5 52. h7 Nh6 53. Rxh6 c5 54. h8Q 1-0

[Event "SVK-ch U10 Girls"]
[Site "Liptovsky Mikulas"]
[Date "2007.04.25"]
[Round "5"]
[White "Lazorova, Maria"]
[Black "Sikorcinova, Viktoria"]
[Result "0-1"]
[WhiteElo "1350"]
[BlackElo "1350"]
[PlyCount "82"]
[EventDate "2007.04.22"]
[EventType "swiss"]
[EventRounds "7"]
[EventCountry "SVK"]
[SourceTitle "EXT 2008"]
[Source "ChessBase"]
[SourceDate "2007.11.25"]
[SourceVersion "1"]
[SourceVersionDate "2007.11.25"]
[SourceQuality "1"]

1. e4 Nf6 2. Nc3 Nc6 3. Bc4 e6 4. d3 Bb4 5. Bg5 Bxc3+ 6. bxc3 0-0 7. d4 h6 8. Bd2 Nxe4 9. Bd3 Nxd2 10. Qxd2 f5 11. Nf3 Qf6 12. 0-0 e5 13. Bc4+ Kh8 14. d5 Na5 15. Bb5 c6 16. dxc6 bxc6 17. Ba4 Bb7 18. Qxd7 c5 19. Rfe1 Qg6 20. Re3 Nc4 21. Qxb7 Nxe3 22. fxe3 Rab8 23. Qxb8 Rxb8 24. Nxe5 Qe6 25. Nc6 Qxe3+ 26. Kf1 Re8 27. Nxa7 Ra8 28. Re1 Qf4+ 29. Kg1 Qxa4 30. Re5 Qxa7 31. Rxf5 c4+ 32. Kf1 Qxa2 33. Rf2 Qa1+ 34. Ke2 Re8+ 35. Kf3 Qxc3+ 36. Kf4 Qe3+ 37. Kg4 Qxf2 38. Kh3 Re2 39. c3 Qxg2+ 40. Kh4 Re4+ 41. Kh5 Qg5# 0-1